Miasta według sylwetki panoramy - Quiz na mapie - Statystyki

Ogólne statystyki
  • Ten quiz został rozwiązany 4 012 razy
  • Średni wynik to 5 z 10
Odpowiedzi na mapie
Odpowiedzi zakodowano w zielono-czerwonej skali na mapie do tego quizu, zgodnie z poniższymi procentami.
 
Statystyki odpowiedzi
Odpowiedź % Poprawnych
Paryż
98%
Dubaj
78%
Nowy Jork
73%
Sydney
50%
Barcelona
48%
Kuala Lumpur
48%
Toronto
43%
Szanghaj
38%
Seattle
36%
Johannesburg
22%
Nie znaleziono quizów pasujących do podanych kryteriów
Rozkład punktacji
Procent ludzi z każdym wynikiem
Percentyl według liczby udzielonych odpowiedzi
Twoja historia wyników
Nie rozwiązałeś tego quizu